=LDR 00000nam 2200000 4500 =001 INLIS000000000019084 =005 20130612114204 =008 ***********************************Ind** =035 ##$$0010-061300000019084 =041 ##$$a Ind =082 ##$$a 342.029 =090 ##$$a 342.029, Dar u =100 ##$$a Daruso, Bambang =245 ##$$a Undang-undang dasar 1945 dan gerak pelaksanaannya, oleh Bambang Daruso =260 ##$$a 1983 $b Jakarta =300 ##$$a viii, 119 hlm, 23 cm =650 ##$$a UUD 1945-gerak pelaksanaannya =850 ##$$a NBPNMAT